[Event "AUS-ch op U18"]
[Site "Mount Buller"]
[Date "2005.01.17"]
[Round "8"]
[White "Chow, Samuel"]
[Black "Jovanovic, Peter"]
[Result "1-0"]
[WhiteElo "2199"]
[BlackElo "2040"]
[PlyCount "89"]
[EventDate "2005.01.11"]
[EventType "swiss"]
[EventRounds "11"]
[EventCountry "AUS"]
[SourceTitle "EXT 2009"]
[Source "ChessBase"]
[SourceDate "2008.11.26"]
[SourceVersion "1"]
[SourceVersionDate "2008.11.26"]
[SourceQuality "1"]

1. d4 g6 2. c4 Bg7 3. Nc3 d6 4. g3 Nf6 5. Bg2 0-0 6. e3 Nbd7 7. Nge2 c6 8. 0-0 Rb8 9. b3 Qc7 10. a4 b6 11. Qd3 a6 12. h3 Rd8 13. Ba3 Nf8 14. Rac1 Bd7 15. b4 Qa7 16. c5 b5 17. cxd6 exd6 18. Na2 Rbc8 19. a5 Be6 20. Rc2 Bc4 21. Rxc4 bxc4 22. Qxc4 Ne6 23. Bxc6 d5 24. Qc2 Rc7 25. Qa4 Bf8 26. Nec3 Qb8 27. b5 axb5 28. Bxb5 Ne4 29. Nxe4 Bxa3 30. Nf6+ Kg7 31. Nd7 Rdxd7 32. Bxd7 Qb2 33. Bxe6 fxe6 34. a6 Ra7 35. Nc1 Qc3 36. Ne2 Qc4 37. Qxa3 Qxe2 38. Ra1 h5 39. Ra2 Qf3 40. Kh2 h4 41. g4 Kh6 42. Qd6 Rf7 43. Qb8 Qd1 44. Qh8+ Kg5 45. f4+ 1-0

[Event "AUS-ch op U18"]
[Site "Mount Buller"]
[Date "2005.01.15"]
[Round "6"]
[White "Guo Yuthok, Sherab"]
[Black "Jovanovic, Peter"]
[Result "1/2-1/2"]
[WhiteElo "1578"]
[BlackElo "2040"]
[PlyCount "54"]
[EventDate "2005.01.11"]
[EventType "swiss"]
[EventRounds "11"]
[EventCountry "AUS"]
[SourceTitle "EXT 2009"]
[Source "ChessBase"]
[SourceDate "2008.11.26"]
[SourceVersion "1"]
[SourceVersionDate "2008.11.26"]
[SourceQuality "1"]

1. e4 c5 2. Nc3 e6 3. f4 a6 4. Nf3 b5 5. d3 Bb7 6. Be2 d5 7. e5 Ne7 8. 0-0 Nbc6 9. Qe1 Nf5 10. Qf2 h5 11. g3 Nb4 12. Bd1 d4 13. Ne4 c4 14. Qe2 cxd3 15. cxd3 Nd5 16. Bb3 Be7 17. Bd2 Kf8 18. Rfc1 Nde3 19. Bxe3 Nxe3 20. Nc5 Bc8 21. Nd2 Rh6 22. Nf1 Qb6 23. Nxe3 Bxc5 24. Ng2 Bb7 25. Bd1 g6 26. Qf2 Rh8 27. Rc2 Kg7 1/2-1/2

[Event "AUS-ch op U18"]
[Site "Mount Buller"]
[Date "2005.01.12"]
[Round "2"]
[White "Rice, Edward"]
[Black "Jovanovic, Peter"]
[Result "1/2-1/2"]
[WhiteElo "1746"]
[BlackElo "2040"]
[PlyCount "84"]
[EventDate "2005.01.11"]
[EventType "swiss"]
[EventRounds "11"]
[EventCountry "AUS"]
[SourceTitle "EXT 2009"]
[Source "ChessBase"]
[SourceDate "2008.11.26"]
[SourceVersion "1"]
[SourceVersionDate "2008.11.26"]
[SourceQuality "1"]

1. e4 c5 2. Nc3 e6 3. f4 Nc6 4. Nf3 a6 5. d3 g6 6. e5 d5 7. exd6 Qxd6 8. Ne4 Qd5 9. Be3 Nd4 10. Be2 Bg7 11. c3 Nxe2 12. Qxe2 b6 13. 0-0 Ne7 14. Ne5 0-0 15. g4 f5 16. c4 Qb7 17. Nd6 Qc7 18. Nxc8 Raxc8 19. d4 cxd4 20. Bxd4 Bxe5 21. Bxe5 Qxc4 22. Qf2 Nd5 23. gxf5 exf5 24. Rfd1 Qe4 25. Rd4 Nxf4 26. Qxf4 Qxf4 27. Bxf4 Rfd8 28. Rxd8+ Rxd8 29. Rc1 Rd4 30. Be3 Rb4 31. b3 b5 32. Rc7 a5 33. Kf2 a4 34. bxa4 Rb2+ 35. Kg3 bxa4 36. Kf4 Rxa2 37. Ke5 Rxh2 38. Kf6 h6 39. Bd4 Rd2 40. Kxg6 Kf8 41. Bg7+ Ke8 42. Bxh6 Rd6+ 1/2-1/2

[Event "ACT-ch"]
[Site "Canberra"]
[Date "2004.09.22"]
[Round "10"]
[White "Jovanovic, Peter"]
[Black "Ikeda, Junta"]
[Result "0-1"]
[WhiteElo "2073"]
[BlackElo "1819"]
[PlyCount "58"]
[EventDate "2004.07.??"]
[EventType "swiss"]
[EventRounds "11"]
[EventCountry "AUS"]
[SourceTitle "EXT 2006"]
[Source "ChessBase"]
[SourceDate "2005.11.24"]
[SourceVersion "1"]
[SourceVersionDate "2005.11.24"]
[SourceQuality "1"]

1. e4 c5 2. Nf3 e6 3. d4 cxd4 4. Nxd4 a6 5. Bd3 Bc5 6. Nb3 Be7 7. c4 Nc6 8. Be3 d6 9. Nc3 Nf6 10. f4 h5 11. Be2 g6 12. Bf3 Qc7 13. Qe2 Rb8 14. Qf2 b6 15. Rc1 Ng4 16. Bxg4 hxg4 17. Qe2 Bh4+ 18. Kf1 Ne7 19. Bd4 e5 20. Nd5 Nxd5 21. cxd5 Qe7 22. fxe5 dxe5 23. Bxb6 Bd7 24. Bc5 Qf6+ 25. Kg1 Bb5 26. Qxg4 Bg5 27. Rd1 Rh4 28. Qg3 Rxe4 29. Re1 Bh4 0-1

[Event "ACT-ch"]
[Site "Canberra"]
[Date "2004.09.14"]
[Round "8"]
[White "Jovanovic, Peter"]
[Black "Ali, Mosaddeque"]
[Result "1/2-1/2"]
[WhiteElo "2073"]
[BlackElo "1746"]
[PlyCount "42"]
[EventDate "2004.07.??"]
[EventType "swiss"]
[EventRounds "11"]
[EventCountry "AUS"]
[SourceTitle "EXT 2006"]
[Source "ChessBase"]
[SourceDate "2005.11.24"]
[SourceVersion "1"]
[SourceVersionDate "2005.11.24"]
[SourceQuality "1"]

1. e4 e6 2. Nf3 d5 3. Nc3 Nf6 4. e5 Nfd7 5. Ne2 c5 6. c3 Nc6 7. d4 Qb6 8. a3 cxd4 9. cxd4 f6 10. exf6 Nxf6 11. Nf4 Bd6 12. b4 0-0 13. Be3 Ng4 14. Nd3 Nxe3 15. fxe3 e5 16. dxe5 Bxe5 17. Ndxe5 Qxe3+ 18. Be2 Qc3+ 19. Kf2 Nxe5 20. Qxd5+ Kh8 21. h3 Be6 1/2-1/2

[Event "ACT-ch"]
[Site "Canberra"]
[Date "2004.08.25"]
[Round "6"]
[White "Bartlett, Stephen"]
[Black "Jovanovic, Peter"]
[Result "1/2-1/2"]
[WhiteElo "1766"]
[BlackElo "2073"]
[PlyCount "81"]
[EventDate "2004.07.??"]
[EventType "swiss"]
[EventRounds "11"]
[EventCountry "AUS"]
[SourceTitle "EXT 2006"]
[Source "ChessBase"]
[SourceDate "2005.11.24"]
[SourceVersion "1"]
[SourceVersionDate "2005.11.24"]
[SourceQuality "1"]

1. c4 c5 2. Nc3 Nc6 3. g3 g6 4. Bg2 Bg7 5. Nf3 e5 6. 0-0 Nge7 7. d3 0-0 8. e3 f5 9. Ne1 g5 10. f4 gxf4 11. gxf4 d6 12. Nd5 Nxd5 13. Bxd5+ Kh8 14. Ng2 Ne7 15. Bf3 Ng6 16. e4 exf4 17. exf5 Rxf5 18. Be4 Rg5 19. Kh1 Bg4 20. Qe1 Bf5 21. Nxf4 Bxe4+ 22. Qxe4 Nxf4 23. Bxf4 Rh5 24. Bg3 Qd7 25. Rae1 Be5 26. Bxe5+ Rxe5 27. Qf3 Rxe1 28. Rxe1 Qg7 29. b3 Rg8 30. Rf1 b6 31. Qf6 h6 32. Qxg7+ Kxg7 33. Rg1+ Kf7 34. Rxg8 Kxg8 35. Kg2 Kf7 36. Kf3 Kf6 37. Kf4 Kg6 38. Kg4 h5+ 39. Kf4 Kf6 40. h4 Kg6 41. Ke4 1/2-1/2

[Event "ACT-ch"]
[Site "Canberra"]
[Date "2004.08.04"]
[Round "3"]
[White "Kevork, Chris"]
[Black "Jovanovic, Peter"]
[Result "0-1"]
[WhiteElo "1825"]
[BlackElo "2073"]
[PlyCount "146"]
[EventDate "2004.07.??"]
[EventType "swiss"]
[EventRounds "11"]
[EventCountry "AUS"]
[SourceTitle "EXT 2006"]
[Source "ChessBase"]
[SourceDate "2005.11.24"]
[SourceVersion "1"]
[SourceVersionDate "2005.11.24"]
[SourceQuality "1"]

1. e4 e6 2. d4 d5 3. Nc3 Bb4 4. e5 c5 5. Bd2 cxd4 6. Nb5 Bc5 7. Qg4 g6 8. Nf3 Nc6 9. 0-0-0 Qb6 10. Qf4 Bd7 11. Ng5 Nd8 12. a4 a6 13. a5 Qc6 14. Nxd4 Qa4 15. Nb3 Qxf4 16. Bxf4 Bxf2 17. Bd3 h6 18. Nf3 Ba7 19. Rhf1 Rc8 20. Kd2 Ne7 21. h3 Nec6 22. c3 Bb8 23. Bh2 Na7 24. Nbd4 Ndc6 25. Nb3 Ne7 26. Nbd4 Nec6 27. Nb3 Bc7 28. Ra1 Nb8 29. Nbd4 Ke7 30. Rf2 Be8 31. Rff1 Nd7 32. Nb3 Bb8 33. Bc2 Nc5 34. Nbd4 Nc6 35. Nxc6+ Bxc6 36. Nd4 Be8 37. Rfb1 Nd7 38. Nf3 Bc7 39. Re1 Nb8 40. Bg1 Bb5 41. Nd4 Nc6 42. Nxb5 axb5 43. a6 bxa6 44. Rxa6 Bxe5 45. Rb6 Na5 46. Rxb5 Nc4+ 47. Kc1 Bf4+ 48. Kd1 Rb8 49. Rxb8 Rxb8 50. b3 Na5 51. b4 Nc4 52. Ke2 Ra8 53. b5 Ra2 54. Kd3 Ne5+ 55. Rxe5 Bxe5 56. Be3 Ra5 57. c4 Ra3+ 58. Kd2 Kd7 59. c5 g5 60. c6+ Kc7 61. Bc5 Ra2 62. Bf8 Rb2 63. Bxh6 Bf4+ 64. Kd3 Rxb5 65. h4 f6 66. Bg7 gxh4 67. Bxf6 Bg3 68. Bd1 Rb4 69. Be7 Rc4 70. Bb3 Rxc6 71. Ba4 Rc1 72. Be8 Rg1 73. Bf7 Kd7 0-1

[Event "Australian Masters U20"]
[Site "Canberra"]
[Date "2004.04.16"]
[Round "5"]
[White "Smerdon, David"]
[Black "Jovanovic, Peter"]
[Result "1-0"]
[WhiteElo "2380"]
[BlackElo "2038"]
[PlyCount "39"]
[EventDate "2004.04.??"]
[EventType "tourn"]
[EventRounds "9"]
[EventCountry "AUS"]
[SourceTitle "EXT 2006"]
[Source "ChessBase"]
[SourceDate "2005.11.24"]
[SourceVersion "1"]
[SourceVersionDate "2005.11.24"]
[SourceQuality "1"]

1. e4 c5 2. Nf3 e6 3. c3 Nf6 4. e5 Nd5 5. d4 cxd4 6. cxd4 b6 7. Nc3 Nxc3 8. bxc3 Qc7 9. Bd2 d6 10. Bd3 Nd7 11. 0-0 dxe5 12. Ng5 Bb7 13. Qh5 g6 14. Qh3 Be7 15. Rae1 Nf8 16. Rxe5 f6 17. Bb5+ Bc6 18. Nxe6 Nxe6 19. Bxc6+ Qxc6 20. Rxe6 1-0

[Event "Australian Masters U20"]
[Site "Canberra"]
[Date "2004.04.14"]
[Round "1"]
[White "Stojic, Dusan"]
[Black "Jovanovic, Peter"]
[Result "0-1"]
[WhiteElo "1935"]
[BlackElo "2038"]
[PlyCount "72"]
[EventDate "2004.04.??"]
[EventType "tourn"]
[EventRounds "9"]
[EventCountry "AUS"]
[SourceTitle "EXT 2006"]
[Source "ChessBase"]
[SourceDate "2005.11.24"]
[SourceVersion "1"]
[SourceVersionDate "2005.11.24"]
[SourceQuality "1"]

1. Nf3 c5 2. g3 Nc6 3. Bg2 g6 4. 0-0 Bg7 5. d3 e5 6. e4 Nge7 7. Nbd2 0-0 8. Ne1 f5 9. f4 d6 10. a4 Kh8 11. c3 d5 12. Qe2 fxe4 13. dxe4 d4 14. fxe5 Rxf1+ 15. Qxf1 dxc3 16. bxc3 Bxe5 17. Qc4 Qd6 18. Nef3 Be6 19. Qb5 Bxc3 20. Bb2 Bxb2 21. Qxb2+ Kg8 22. Qxb7 Rb8 23. Qa6 c4 24. Kh1 Qc5 25. Rb1 Rxb1+ 26. Nxb1 c3 27. Nxc3 Qxc3 28. h4 Qb3 29. Qb5 Bc4 30. Qc5 Qxa4 31. h5 Qb5 32. Qd6 Qxh5+ 33. Kg1 Qb5 34. e5 Qb8 35. Qc5 Qb6 36. Qxb6 axb6 0-1

[Event "Doeberl Cup 42nd"]
[Site "Canberra"]
[Date "2004.04.11"]
[Round "5"]
[White "Blazkova, Petra"]
[Black "Jovanovic, Peter"]
[Result "1/2-1/2"]
[WhiteElo "2226"]
[BlackElo "2091"]
[PlyCount "88"]
[EventDate "2004.04.09"]
[EventType "swiss"]
[EventRounds "7"]
[EventCountry "AUS"]
[SourceTitle "EXT 2005"]
[Source "ChessBase"]
[SourceDate "2004.11.15"]
[SourceVersion "1"]
[SourceVersionDate "2004.11.15"]
[SourceQuality "1"]

1. e4 c5 2. Nf3 e6 3. d4 cxd4 4. Nxd4 a6 5. Bd3 Qc7 6. 0-0 Bc5 7. Nb3 Be7 8. f4 d6 9. Qe2 Nd7 10. a4 b6 11. Nc3 Ngf6 12. g4 Nc5 13. Nxc5 Qxc5+ 14. Be3 Qc7 15. g5 Nd7 16. f5 Ne5 17. fxe6 fxe6 18. a5 bxa5 19. Na4 Bb7 20. Ra3 Bc6 21. Bxa6 Bxe4 22. Rc3 Bc6 23. Bd4 Rf8 24. Nb6 Rb8 25. Nc4 Rxf1+ 26. Kxf1 Qd7 27. Bxe5 dxe5 28. Nxe5 Bb5 29. Bxb5 Qxb5 30. Rc8+ Bd8 31. Rxb8 Qxb8 32. Qe4 Qb5+ 33. c4 Qa4 34. Qf3 Qa1+ 35. Kf2 Qxb2+ 36. Qe2 Qxe2+ 37. Kxe2 Bxg5 38. Nd3 a4 39. Kd1 a3 40. Kc2 Bf6 41. Kb3 Bb2 42. Nxb2 axb2 43. Kxb2 Kd7 44. Kc3 Kd6 1/2-1/2

[Event "Australian Masters U20"]
[Site "Canberra"]
[Date "2004.04.??"]
[Round "2"]
[White "Jovanovic, Peter"]
[Black "Bourmistrov, Denis"]
[Result "1/2-1/2"]
[WhiteElo "2038"]
[BlackElo "2112"]
[PlyCount "25"]
[EventDate "2004.04.??"]
[EventType "tourn"]
[EventRounds "9"]
[EventCountry "AUS"]
[SourceTitle "EXT 2006"]
[Source "ChessBase"]
[SourceDate "2005.11.24"]
[SourceVersion "1"]
[SourceVersionDate "2005.11.24"]
[SourceQuality "1"]

1. e4 d6 2. d4 g6 3. Nc3 Bg7 4. Be3 a6 5. Qd2 b5 6. a4 b4 7. Nce2 a5 8. Ng3 Nd7 9. c3 bxc3 10. bxc3 c6 11. Be2 Ngf6 12. h4 h5 13. Nh3 1/2-1/2

[Event "AUS-ch"]
[Site "Adelaide"]
[Date "2003.12.30"]
[Round "2"]
[White "Booth, Stewart"]
[Black "Jovanovic, Peter"]
[Result "1/2-1/2"]
[WhiteElo "2177"]
[BlackElo "2068"]
[PlyCount "56"]
[EventDate "2003.12.06"]
[EventType "swiss"]
[EventRounds "11"]
[EventCountry "AUS"]
[SourceTitle "EXT 2005"]
[Source "ChessBase"]
[SourceDate "2004.11.15"]
[SourceVersion "1"]
[SourceVersionDate "2004.11.15"]
[SourceQuality "1"]

1. d4 Nf6 2. c4 e6 3. Nc3 Bb4 4. Bg5 c5 5. d5 d6 6. e3 Bxc3+ 7. bxc3 Qe7 8. Bd3 Nbd7 9. Ne2 exd5 10. cxd5 Qe5 11. Bf4 Qxd5 12. Bb5 Qxd1+ 13. Rxd1 d5 14. Bd6 Ne4 15. Rxd5 Nxd6 16. Rxd6 a6 17. Ba4 b5 18. Bc2 Nf6 19. 0-0 Be6 20. Nf4 Ke7 21. Rc6 Rac8 22. Rxc8 Rxc8 23. Nxe6 fxe6 24. Rd1 h6 25. e4 Rd8 26. Rxd8 Kxd8 27. a3 Kc7 28. f3 Kd6 1/2-1/2

[Event "ACT-ch tt"]
[Site "Belconnen"]
[Date "2003.08.22"]
[Round "9"]
[White "Jovanovic, Peter"]
[Black "Oliver, Gareth"]
[Result "1-0"]
[WhiteElo "2098"]
[BlackElo "1956"]
[PlyCount "47"]
[EventDate "2003.06.??"]
[EventType "team"]
[EventRounds "11"]
[EventCountry "AUS"]
[SourceTitle "EXT 2005"]
[Source "ChessBase"]
[SourceDate "2004.11.15"]
[SourceVersion "1"]
[SourceVersionDate "2004.11.15"]
[SourceQuality "1"]

1. e4 e6 2. d4 d5 3. Nc3 Nf6 4. Bg5 dxe4 5. Nxe4 Be7 6. Bxf6 gxf6 7. Nf3 a6 8. Qd2 c5 9. Nxc5 Bxc5 10. dxc5 Qc7 11. Qh6 Qxc5 12. Qxf6 Rf8 13. 0-0-0 Nc6 14. Ng5 Bd7 15. Ne4 Qe7 16. Nd6+ Kd8 17. Qc3 Kc7 18. Be2 Rad8 19. Rd2 Rg8 20. Bf3 e5 21. Rhd1 f6 22. Nxb7 e4 23. Nxd8 Rxd8 24. Be2 1-0

[Event "AUS-ch U18"]
[Site "Adelaide"]
[Date "2003.01.21"]
[Round "9"]
[White "Jovanovic, Peter"]
[Black "Yang, Song"]
[Result "1/2-1/2"]
[WhiteElo "1845"]
[BlackElo "1880"]
[PlyCount "57"]
[EventDate "2003.01.??"]
[EventType "swiss"]
[EventRounds "11"]
[EventCountry "AUS"]
[SourceTitle "EXT 2006"]
[Source "ChessBase"]
[SourceDate "2005.11.24"]
[SourceVersion "1"]
[SourceVersionDate "2005.11.24"]
[SourceQuality "1"]

1. e4 c5 2. Nc3 d6 3. f4 e6 4. Nf3 g6 5. Bb5+ Nd7 6. d4 a6 7. Bxd7+ Bxd7 8. 0-0 Qc7 9. Be3 Nf6 10. h3 c4 11. d5 Bg7 12. Bd4 0-0 13. dxe6 Bxe6 14. f5 Bc8 15. g4 gxf5 16. exf5 h6 17. Qd2 d5 18. Be5 Qc5+ 19. Kg2 Ne4 20. Qxd5 Qxd5 21. Nxd5 Bxe5 22. Nxe5 b5 23. Ne7+ Kh7 24. Nxc8 Raxc8 25. Rfe1 Nc5 26. Rad1 Kg7 27. Rd6 Rfd8 28. Rxd8 Rxd8 29. Re2 1/2-1/2

[Event "AUS-ch U18"]
[Site "Adelaide"]
[Date "2003.01.20"]
[Round "8"]
[White "Barnard, Casey T"]
[Black "Jovanovic, Peter"]
[Result "0-1"]
[WhiteElo "1587"]
[BlackElo "1845"]
[PlyCount "68"]
[EventDate "2003.01.??"]
[EventType "swiss"]
[EventRounds "11"]
[EventCountry "AUS"]
[SourceTitle "EXT 2006"]
[Source "ChessBase"]
[SourceDate "2005.11.24"]
[SourceVersion "1"]
[SourceVersionDate "2005.11.24"]
[SourceQuality "1"]

1. e4 g6 2. d4 Bg7 3. Nc3 d6 4. Be3 Nf6 5. Qd2 Ng4 6. 0-0-0 Nxe3 7. Qxe3 Nd7 8. f4 c5 9. dxc5 Nxc5 10. Bb5+ Bd7 11. e5 Bxb5 12. Nxb5 Qb6 13. Qe2 dxe5 14. fxe5 0-0 15. Nc3 Qa5 16. Nf3 a6 17. Kb1 b5 18. h4 Na4 19. Nxa4 bxa4 20. a3 Rab8 21. c4 Rb7 22. Rd5 Qc7 23. Rc1 f6 24. Nd4 Qc8 25. Nf3 e6 26. Rd6 fxe5 27. c5 e4 28. Nd4 Qb8 29. Rd1 e3 30. b4 Rf2 31. Qxe3 Rxb4+ 32. axb4 Qxb4+ 33. Nb3 Rb2+ 34. Kc1 Qc4+ 0-1

[Event "AUS-ch U18"]
[Site "Adelaide"]
[Date "2003.01.18"]
[Round "6"]
[White "Lee, Michelle"]
[Black "Jovanovic, Peter"]
[Result "1/2-1/2"]
[WhiteElo "1679"]
[BlackElo "1845"]
[PlyCount "60"]
[EventDate "2003.01.??"]
[EventType "swiss"]
[EventRounds "11"]
[EventCountry "AUS"]
[SourceTitle "EXT 2006"]
[Source "ChessBase"]
[SourceDate "2005.11.24"]
[SourceVersion "1"]
[SourceVersionDate "2005.11.24"]
[SourceQuality "1"]

1. e4 c5 2. Nf3 d6 3. d4 cxd4 4. Nxd4 Nf6 5. Nc3 e6 6. Be3 a6 7. a4 b6 8. Bd3 Nbd7 9. 0-0 Bb7 10. Re1 Nc5 11. Bg5 Be7 12. Qd2 h6 13. Bh4 Qc7 14. Bg3 Nh5 15. e5 Nxg3 16. exd6 Qxd6 17. hxg3 Nxd3 18. Qxd3 0-0 19. Rad1 Qc7 20. Qe3 Bb4 21. Rd3 Rac8 22. g4 Qc5 23. Qf4 Bxc3 24. Rxc3 Qb4 25. Nxe6 Qxb2 26. Nxf8 Qxc3 27. Re7 Bd5 28. Nd7 Qc6 29. Qe3 Be6 30. Nxb6 Rb8 1/2-1/2

[Event "AUS-ch U18"]
[Site "Adelaide"]
[Date "2003.01.16"]
[Round "5"]
[White "Jovanovic, Peter"]
[Black "Chow, Samuel"]
[Result "1/2-1/2"]
[WhiteElo "1845"]
[BlackElo "1997"]
[PlyCount "47"]
[EventDate "2003.01.??"]
[EventType "swiss"]
[EventRounds "11"]
[EventCountry "AUS"]
[SourceTitle "EXT 2006"]
[Source "ChessBase"]
[SourceDate "2005.11.24"]
[SourceVersion "1"]
[SourceVersionDate "2005.11.24"]
[SourceQuality "1"]

1. e4 e6 2. d3 d5 3. Nd2 Nf6 4. Ngf3 c5 5. g3 Nc6 6. Bg2 Be7 7. 0-0 0-0 8. Re1 a6 9. e5 Ne8 10. Nf1 Nc7 11. h4 b5 12. Bg5 f6 13. exf6 Bxf6 14. Ne5 Nxe5 15. Rxe5 Qd6 16. Bxf6 gxf6 17. Re1 e5 18. c3 Be6 19. d4 exd4 20. cxd4 c4 21. Qf3 Rab8 22. g4 Qd7 23. Ne3 b4 24. Kh1 1/2-1/2

[Event "ACT-ch"]
[Site "Canberra"]
[Date "2002.08.14"]
[Round "2"]
[White "Butler, Brian J"]
[Black "Jovanovic, Peter"]
[Result "1-0"]
[WhiteElo "1722"]
[BlackElo "1915"]
[PlyCount "127"]
[EventDate "2002.08.07"]
[EventType "swiss"]
[EventRounds "11"]
[EventCountry "AUS"]
[SourceTitle "EXT 2006"]
[Source "ChessBase"]
[SourceDate "2005.11.24"]
[SourceVersion "1"]
[SourceVersionDate "2005.11.24"]
[SourceQuality "1"]

1. e4 e6 2. d4 d5 3. Nd2 Nc6 4. Ngf3 Nf6 5. e5 Nd7 6. c3 f6 7. exf6 Qxf6 8. Bd3 Bd6 9. 0-0 0-0 10. Nb3 e5 11. Bg5 Qf7 12. dxe5 Ndxe5 13. Be2 Ng4 14. Bh4 Qh5 15. h3 Nh6 16. Bg3 Bxg3 17. fxg3 Ne7 18. Nh4 Rxf1+ 19. Qxf1 Qf7 20. Nd4 Nef5 21. Nhxf5 Nxf5 22. Nxf5 Bxf5 23. Qf4 Bg6 24. Qd4 c6 25. Bf3 Qc7 26. Kh2 Qb6 27. Qxb6 axb6 28. a3 Re8 29. Kg1 Kf8 30. Kf2 Ke7 31. Re1+ Kd6 32. Rxe8 Bxe8 33. b4 c5 34. Ke3 Ke5 35. Kd2 Bc6 36. Ke3 Bb5 37. Kd2 Ba4 38. Ke3 Bc2 39. Kd2 Be4 40. Ke3 d4+ 41. cxd4+ cxd4+ 42. Kd2 Kd5 43. h4 Bxf3 44. gxf3 Kc4 45. Kc2 b5 46. h5 d3+ 47. Kd2 Kd4 48. h6 g6 49. g4 b6 50. f4 Ke4 51. f5 gxf5 52. g5 f4 53. g6 f3 54. gxh7 f2 55. h8Q f1Q 56. Qe8+ Kd5 57. Qxb5+ Ke4 58. Qe8+ Kd5 59. Qd7+ Ke5 60. Qxd3 Qh1 61. h7 Ke6 62. Qc4+ Ke7 63. Qc7+ Ke8 64. h8R+ 1-0

[Event "Doeberl Cup 40th"]
[Site "Canberra"]
[Date "2002.03.29"]
[Round "1"]
[White "Smerdon, David"]
[Black "Jovanovic, Peter"]
[Result "1-0"]
[WhiteElo "2326"]
[BlackElo "2100"]
[PlyCount "63"]
[EventDate "2002.03.29"]
[EventType "swiss"]
[EventRounds "7"]
[EventCountry "AUS"]
[SourceTitle "CBM 087 Extra"]
[Source "ChessBase"]
[SourceDate "2002.05.03"]
[SourceVersion "2"]
[SourceVersionDate "2002.08.09"]
[SourceQuality "1"]

1. e4 e6 2. Qe2 Be7 3. d3 Nf6 4. e5 Nd5 5. c4 Nb6 6. Qg4 Kf8 7. Nf3 d5 8. Be2 c5 9. Nc3 Nc6 10. h4 h5 11. Qg3 dxc4 12. dxc4 Nd4 13. Nxd4 cxd4 14. Ne4 Bb4+ 15. Bd2 Bxd2+ 16. Nxd2 Bd7 17. 0-0 Bc6 18. Rfd1 Rh6 19. Qf4 Na4 20. Nf3 Nxb2 21. Rxd4 Qc7 22. Ng5 Kg8 23. c5 b5 24. Rd6 Be8 25. c6 a6 26. Rd7 Qxc6 27. Rxf7 Bxf7 28. Qxf7+ Kh8 29. Bf3 Qe8 30. Bxa8 Qxa8 31. Nxe6 Qg8 32. Ng5 1-0

[Event "AUS-ch U18"]
[Site "Sydney"]
[Date "2002.01.20"]
[Round "8.1"]
[White "Tian, Kuan Kuan"]
[Black "Jovanovic, Peter"]
[Result "1-0"]
[WhiteElo "2128"]
[BlackElo "2100"]
[PlyCount "67"]
[EventDate "2002.01.12"]
[EventType "swiss"]
[EventRounds "11"]
[EventCountry "AUS"]
[SourceTitle "EXT 2003"]
[Source "ChessBase"]
[SourceDate "2002.11.25"]
[SourceVersion "1"]
[SourceVersionDate "2002.11.25"]
[SourceQuality "1"]

1. d4 e6 2. c4 f5 3. g3 Nf6 4. Bg2 d5 5. Nh3 Nc6 6. 0-0 Be7 7. Nc3 0-0 8. cxd5 Nxd5 9. Nxd5 exd5 10. Nf4 Bf6 11. Bxd5+ Kh8 12. e3 g5 13. Bxc6 bxc6 14. Nd3 Ba6 15. Re1 f4 16. Nc5 Bc4 17. b3 Bf7 18. Bb2 Qc8 19. e4 Qh3 20. Qf3 Bh5 21. Qg2 Qc8 22. e5 Bg7 23. e6 fxg3 24. fxg3 Bf3 25. Qd2 Qe8 26. Qxg5 Qg6 27. Qxg6 hxg6 28. Rf1 Bd5 29. Rae1 Rxf1+ 30. Rxf1 Re8 31. Rf7 Bxe6 32. Nxe6 Rxe6 33. d5 Re1+ 34. Kf2 1-0